LEADER 00972nam a2200241 i 4500 001 000000136111 003 CaOOAMICUS 005 20160523000000.0 008 160523s1946 it u000 u fre u 013 $a109585 040 $aSeMil$bita 100 1 $aBaden-Powell, Olave.$0(OLS)http://semarc/name/15836 245 10$aFranchis l'obstacle /$cLord Baden-Powell. 260 $aNeuchatel ; Paris :$bDelachaux et Niestlé,$ccopyr. 1946. 300 $a131 p. :$bill. ;$c18 cm. 490 0 $aLa bibliothèque de l'éclaireur 650 4$aScoutismo.$0(OLS)http://semarc/subject/1605 830 3$aLa bibliothèque de l'éclaireur.$0(OLS)http://semarc/title/44926 850 $aSeMil 852 $aSeMil$W1$xVenegono$y1$m3G I 378$j89729$B89729$CSeMilBibl$Z2$F212026 $81 961 $aLascito: Orsenigo don Elia 996 $6245$aFranchis l'obstacle$9(OLS)http://semarc/title/198889 996 $6260$aNeuchatel ; Paris :$bDelachaux et Niestlé$9(OLS)http://semarc/publisher/29822 LEADER 00912nam a2200217 i 4500 001 000000107012 003 CaOOAMICUS 005 20101102000000.0 008 101102s1972 it u000 u ita u 013 $a79223 040 $aSeMil$bita 100 1 $aMarcionetti, Isidoro.$0(OLS)http://semarc/name/24524 245 13$aLa chiesa di San Lorenzo In Lugano :$bstoria e simbologia /$cIsidoro Marcionetti. 260 $aLugano :$b[s.n.],$c1972. 300 $a137 p., [35] c. di tav. :$bill. ;$c25 cm. 650 4$aLugano - Chiese - Cattedrale di San Lorenzo.$0(OLS)http://semarc/subject/18627 850 $aSeMil 852 $aSeMil$W1$xVenegono$y1$m3P II 328$j63109$B63109$CSeMilBibl$Z2$F155954 $81 961 $aOmaggio: Altro 996 $6245$aLa chiesa di San Lorenzo In Lugano :$bstoria e simbologia$9(OLS)http://semarc/title/155150 996 $6260$aLugano :$b[s.n.]$9(OLS)http://semarc/publisher/30550